000 00752cam a2200265 4500
008 000000n2002 000 0 eng u
020 _a011753627X
035 _a(Sirsi) u116670
050 _a306.0212
110 _aDepartment for Transport, Local Government and the Regions
_94091
245 _aLocal housing statistics : England. No. 130 : Financial year 2000/2001
260 _aLondon
_bHMSO
_c2002
300 _aiv,108p.
_c21x30cm.
350 _a16.00
490 _aLocal Housing Statistics
_v(130)
650 _aHOUSE BUILDING
650 _aRENOVATIONS
650 _aHOUSING LAND
650 _aLOCAL AUTHORITIES
650 _aSLUM CLEARANCE
650 _aSTATISTICS
650 _aSales
_96269
690 _aHOUSING
942 _n0
999 _c101887
_d101887